000 02787cam a22006374i 4500
003 PE-LiUPU
005 20250731180109.0
008 150604s1991 sp a r 001 0 spa d
020 _a8429140875
020 _a9788429140873
035 _a(Sirsi) i9788429140873
040 _aPE-LiUPU
_bspa
_cPE-LiUPU
_erda
041 1 _aspa
_hrus
049 _aPRUA
082 0 4 _a532
_bL23
_219
100 1 _aLandau, L.D.,
_eautor.
245 1 0 _aMecánica de fluidos /
_cL.D. Landau, E.M. Lifshitz.
264 1 _aBarcelona :
_bReverté,
_c[1991].
300 _axi, 623 páginas :
_bilustraciones ;
_c21 centímetros
336 _atext
_2rdacontent
337 _aunmediated
_2rdamedia
338 _avolume
_2rdacarrier
490 0 _aCurso de física teórica ;
_v6
504 _aÍndice alfabético : páginas 615-623.
505 0 _aFluidos ideales -- Fluidos viscosos -- Turbulencia -- Capas límites -- Conducción térmica en los fluidos -- Difusión -- Fenómenos superficiales -- Sonido -- Ondas de choque -- Flujo gaseoso monodimensional -- Intersección de superficies de discontinuidad -- Flujo gaseoso bidimensional -- Flujo que rodea a cuerpos finitos -- Dinámica de fluidos de la combustión -- Dinámica relativista de fluidos -- Dinámica de superfluidos -- Fluctuaciones en dinámica de fluidos.
526 _aSEG44
526 _aSEG26
526 _aP159
526 _aP155
526 _aP154
526 _aP153
526 _aP150
526 _aP100
526 _aP31
526 _aP30
526 _aP26
526 _aP25
526 _aP24
526 _aP22
526 _aP15
526 _aP10
534 _pTítulo original :
_tMekhanika sploshnykh sred.
541 _g043-0014413;
650 4 _aMecánica de fluidos.
650 7 _aDinámica de fluidos
_2embne
650 7 _aMecánica de fluidos
_2embne
700 1 _aLifshitz, E.M.,
_eautor.
910 _acce
_bjvq
_ccce
_d20150604
942 _2ddc
_cBOOK
949 _a532 L23
_wDEWEY
_c1
_i71107
_d2015-9-16
_e2015-9-16
_lCCODEBUL1
_mBUL
_n1
_p35.65
_r0
_sY
_tBOOK
_u2015-6-4
_xINGENIERIA
_PP25
_0COMPRA
_o.STAFF. Colección General
949 _a532 L23
_wDEWEY
_c2
_i71108
_d2015-8-20
_e2015-8-20
_lCCODEBUL1
_mBUL
_n1
_p35.65
_r0
_sY
_tBOOK
_u2015-6-4
_xINGENIERIA
_PP25
_0COMPRA
_o.STAFF. Colección General
994 _aC0
_bPEPRU
596 _a1
999 _a532 L23
_wDEWEY
_c22855
_i71107
_d22855
_e2019-5-19
_f2021-11-9
_g6
_lCCODEBUL1
_mBUL
_n5
_p35.65
_q1
_r0
_sY
_tBOOK
_u2015-6-4
_xINGENIERIA
_PP25
_0COMPRA
_o.STAFF. Colección General
999 _a532 L23
_wDEWEY
_c2
_i71108
_d2018-9-14
_e2015-8-20
_f2021-11-9
_g7
_lCCODEBUL1
_mBUL
_n1
_p35.65
_q2
_r0
_sY
_tBOOK
_u2015-6-4
_xINGENIERIA
_PP25
_0COMPRA
_o.STAFF. Colección General
980 _81
_gALBERTO SANCHEZ Responsable de Automatización